Guess All Pokémon Used by Gym Leaders, Elite Four & Champion - Kanto - Statistics

General Stats
  • This quiz has been taken 21 times
  • The average score is 54 of 59
Answer Stats
Hint Answer % Correct
Sabrina Alakazam
100%
Blaine Arcanine
100%
Blue Arcanine
100%
Red Charizard
100%
Agatha Gengar
100%
Agatha Gengar
100%
Brock Geodude
100%
Agatha Haunter
100%
Sabrina Kadabra
100%
Koga Koffing
100%
Koga Koffing
100%
Koga Muk
100%
Brock Onix
100%
Bruno Onix
100%
Bruno Onix
100%
Lt. Surge Pikachu
100%
Red Pikachu
100%
Lt. Surge Raichu
100%
Blaine Rapidash
100%
Giovanni Rhyhorn
100%
Misty Starmie
100%
Erika Vileplume
100%
Lt. Surge Voltorb
100%
Koga Weezing
100%
Lance Aerodactyl
92%
Red Blastoise
92%
Lorelei Dewgong
92%
Lance Dragonair
92%
Lance Dragonair
92%
Lance Dragonite
92%
Blaine Growlithe
92%
Lorelei Lapras
92%
Red Lapras
92%
Bruno Machamp
92%
Blue Machamp
92%
Giovanni Nidoking
92%
Giovanni Nidoqueen
92%
Blaine Ponyta
92%
Giovanni Rhydon
92%
Blue Rhydon
92%
Misty Staryu
92%
Erika Tangela
92%
Red Venusaur
92%
Agatha Arbok
85%
Blue Exeggutor
85%
Lance Gyarados
85%
Blue Gyarados
85%
Bruno Hitmonchan
85%
Bruno Hitmonlee
85%
Lorelei Jynx
85%
Sabrina Venomoth
85%
Lorelei Cloyster
77%
Agatha Golbat
77%
Sabrina Mr Mime
77%
Blue Pidgeot
77%
Red Snorlax
77%
Giovanni Dugtrio
69%
Lorelei Slowbro
69%
Erika Victreebell
69%
No matching quizzes found
Score Distribution
Percent of People with Each Score
Percentile by Number Answered
Your Score History
You have not taken this quiz